<?xml version="1.0" encoding="UTF-8"?>
<record
    xmlns:xsi="http://www.w3.org/2001/XMLSchema-instance"
    xsi:schemaLocation="http://www.loc.gov/MARC21/slim http://www.loc.gov/standards/marcxml/schema/MARC21slim.xsd"
    xmlns="http://www.loc.gov/MARC21/slim">

  <leader>02878nam a2200385 a 4500</leader>
  <controlfield tag="001">ebr10256219</controlfield>
  <controlfield tag="003">CaPaEBR</controlfield>
  <controlfield tag="006">m        u        </controlfield>
  <controlfield tag="007">cr cn|||||||||</controlfield>
  <controlfield tag="008">071129s2007    nhuab   sb    001 0 eng d</controlfield>
  <datafield tag="010" ind1=" " ind2=" ">
    <subfield code="z">  2007282063</subfield>
  </datafield>
  <datafield tag="015" ind1=" " ind2=" ">
    <subfield code="a">GBA782900</subfield>
    <subfield code="2">bnb</subfield>
  </datafield>
  <datafield tag="016" ind1="7" ind2=" ">
    <subfield code="z">013993122</subfield>
    <subfield code="2">Uk</subfield>
  </datafield>
  <datafield tag="020" ind1=" " ind2=" ">
    <subfield code="z">157808511X (hbk.)</subfield>
  </datafield>
  <datafield tag="020" ind1=" " ind2=" ">
    <subfield code="z">9781578085118 (hbk.)</subfield>
  </datafield>
  <datafield tag="040" ind1=" " ind2=" ">
    <subfield code="a">CaPaEBR</subfield>
    <subfield code="c">CaPaEBR</subfield>
  </datafield>
  <datafield tag="035" ind1=" " ind2=" ">
    <subfield code="a">(OCoLC)300449603</subfield>
  </datafield>
  <datafield tag="050" ind1="1" ind2="4">
    <subfield code="a">HD1691</subfield>
    <subfield code="b">.W3185 2007eb</subfield>
  </datafield>
  <datafield tag="082" ind1="0" ind2="4">
    <subfield code="a">333.91</subfield>
    <subfield code="2">22</subfield>
  </datafield>
  <datafield tag="245" ind1="0" ind2="0">
    <subfield code="a">Water</subfield>
    <subfield code="h">[electronic resource] :</subfield>
    <subfield code="b">a source of conflict or cooperation? /</subfield>
    <subfield code="c">editor, Velma I. Grover.</subfield>
  </datafield>
  <datafield tag="260" ind1=" " ind2=" ">
    <subfield code="a">Enfield, N.H. :</subfield>
    <subfield code="b">Science Publishers,</subfield>
    <subfield code="c">c2007.</subfield>
  </datafield>
  <datafield tag="300" ind1=" " ind2=" ">
    <subfield code="a">x, 360 p. :</subfield>
    <subfield code="b">ill., maps (some col.).</subfield>
  </datafield>
  <datafield tag="504" ind1=" " ind2=" ">
    <subfield code="a">Includes bibliographical references and index.</subfield>
  </datafield>
  <datafield tag="505" ind1="0" ind2="0">
    <subfield code="t">Introduction /</subfield>
    <subfield code="r">Velma I. Grover --</subfield>
    <subfield code="t">Water wars? : conflict, cooperation, and negotiation over transboundary water /</subfield>
    <subfield code="r">Shlomi Dinar --</subfield>
    <subfield code="t">Conflicts in shared river basins /</subfield>
    <subfield code="r">Nils Peter Gleditsch, H&#xFFFD;avard Hegre and Hans Peter Wollb&#xFFFD;k Toset --</subfield>
    <subfield code="t">Water conflicts in China /</subfield>
    <subfield code="r">Desheng Hu --</subfield>
    <subfield code="t">Disputes over water, natural resources and human security in Bangladesh : toward a conflict analysis framework /</subfield>
    <subfield code="r">Irna van der Molen and Atiq Rahman --</subfield>
    <subfield code="t">The hydropolitics of cooperation : South Africa during the cold war /</subfield>
    <subfield code="r">Anthony Turton --</subfield>
    <subfield code="t">Competition for limited water resources in Botswana /</subfield>
    <subfield code="r">Umoh T. Umoh, Santosh Kumar, Piet K. Kenabatho and Imoh J. Ekpoh --</subfield>
    <subfield code="t">Water conflict in West Africa : the Niger River Basin experience /</subfield>
    <subfield code="r">Umoh T. Umoh, Imoh J. Ekpoh and Santosh Kumar --</subfield>
    <subfield code="t">River development and bilateral cooperation : Lesotho Highlands Water Project case study /</subfield>
    <subfield code="r">Naho Mirumachi --</subfield>
    <subfield code="t">Water : an essential commodity yet a potential source of conflict with special reference to Australia /</subfield>
    <subfield code="r">Syed U. Hussainy and Santosh Kumar --</subfield>
    <subfield code="t">Enhancing sustainability in river basin management through conflict resolution : comparative analysis from the U.S. and South Korea /</subfield>
    <subfield code="r">Young-Doo Wang, William James Smith, Jr., John Byrne, Michael Scozzafava and Joon-Hee Lee --</subfield>
    <subfield code="t">International Joint Commission : a model of cooperation in the Great Lakes Region /</subfield>
    <subfield code="r">Velmi I. Grover and Haseen Khan --</subfield>
    <subfield code="t">Water in the Pacific Islands : case studies from Fiji and Kiribati /</subfield>
    <subfield code="r">Eberhard Weber.</subfield>
  </datafield>
  <datafield tag="533" ind1=" " ind2=" ">
    <subfield code="a">Electronic reproduction.</subfield>
    <subfield code="b">Palo Alto, Calif. :</subfield>
    <subfield code="c">ebrary,</subfield>
    <subfield code="d">2013.</subfield>
    <subfield code="n">Available via World Wide Web.</subfield>
    <subfield code="n">Access may be limited to ebrary affiliated libraries.</subfield>
  </datafield>
  <datafield tag="650" ind1=" " ind2="0">
    <subfield code="a">Water-supply</subfield>
    <subfield code="x">Management.</subfield>
  </datafield>
  <datafield tag="650" ind1=" " ind2="0">
    <subfield code="a">Water-supply</subfield>
    <subfield code="x">Government policy.</subfield>
  </datafield>
  <datafield tag="650" ind1=" " ind2="0">
    <subfield code="a">Water resources development.</subfield>
  </datafield>
  <datafield tag="650" ind1=" " ind2="0">
    <subfield code="a">Water rights.</subfield>
  </datafield>
  <datafield tag="650" ind1=" " ind2="0">
    <subfield code="a">Conflict management.</subfield>
  </datafield>
  <datafield tag="655" ind1=" " ind2="7">
    <subfield code="a">Electronic books.</subfield>
    <subfield code="2">local</subfield>
  </datafield>
  <datafield tag="700" ind1="1" ind2=" ">
    <subfield code="a">Grover, Velma I.</subfield>
  </datafield>
  <datafield tag="710" ind1="2" ind2=" ">
    <subfield code="a">ebrary, Inc.</subfield>
  </datafield>
  <datafield tag="856" ind1="4" ind2="0">
    <subfield code="u">http://site.ebrary.com/lib/rucke/Doc?id=10256219</subfield>
    <subfield code="z">An electronic book accessible through the World Wide Web; click to view</subfield>
  </datafield>
  <datafield tag="999" ind1=" " ind2=" ">
    <subfield code="c">14525</subfield>
    <subfield code="d">14525</subfield>
  </datafield>
</record>
